Statistics for Top 25 NHL Points Per Game Leaders

Click here to take the quiz!

General Stats

  • This quiz has been taken 455 times
  • The average score is 15 of 25

Answer Stats

Points Per GamePlayer% Correct
1.92Wayne Gretzky
98%
1.88Mario Lemieux
95%
1.37Sidney Crosby
89%
1.18Alexander Ovechkin
87%
1.16Jaromir Jagr
86%
1.39Bobby Orr
79%
1.16Steve Yzerman
75%
1.19Joe Sakic
71%
1.12Jari Kurri
69%
1.50Mike Bossy
68%
1.31Marcel Dionne
66%
1.24Phil Esposito
65%
1.20Evgeni Malkin
60%
1.20Guy Lafleur
60%
1.25Peter Forsberg
58%
1.11Bryan Trottier
54%
1.11Pavel Bure
51%
1.14Eric Lindros
48%
1.27Peter Stastny
37%
1.19Dale Hawerchuk
36%
1.11Gilbert Perreault
30%
1.17Pat Lafontaine
30%
1.12Denis Savard
29%
1.13Bernie Federko
10%
1.24Kent Nilsson
8%

Score Distribution

Percentile by Number Answered

Percent of People with Each Score

Your Score History

You have not taken this quiz